000
00333nam a2200133Ia 4500
008
220216s9999 xx 000 0 und d
100
_a
Morton M
245
0
_a
Main thrust on NR compounding and vulcanisation
260
_b
Rubber Asia
_c
1997
300
_a
58-59
650
_a
NR compounding
650
_a
Vulcanisation
942
_c
JS
999
_c
62362
_d
62362